AUDELS NEW ELECTRONIC LIBRARY VOL-X (Record no. 567264)
[ view plain ]
| 000 -LEADER | |
|---|---|
| fixed length control field | 00253nam a22001097a 4500 |
| 082 ## - DEWEY DECIMAL CLASSIFICATION NUMBER | |
| Classification number | 621.3 GRA'A |
| 100 ## - MAIN ENTRY--PERSONAL NAME | |
| Personal name | GRAHAM'S FRANK D |
| 9 (RLIN) | 56947 |
| 245 ## - TITLE STATEMENT | |
| Title | AUDELS NEW ELECTRONIC LIBRARY VOL-X |
| 260 ## - PUBLICATION, DISTRIBUTION, ETC. | |
| Place of publication, distribution, etc. | USA |
| Name of publisher, distributor, etc. | AUDELS |
| Date of publication, distribution, etc. | 1962 |
| 300 ## - PHYSICAL DESCRIPTION | |
| Extent | 5016'H |
| 942 ## - ADDED ENTRY ELEMENTS (KOHA) | |
| Koha item type | Book |
| Withdrawn status | Lost status | Damaged status | Not for loan | Permanent Location | Current Location | Shelving location | Date acquired | Total Checkouts | Full call number | Barcode | Date last seen | Price effective from | Koha item type |
|---|---|---|---|---|---|---|---|---|---|---|---|---|---|
| College of Electrical & Mechanical Engineering (CEME) | College of Electrical & Mechanical Engineering (CEME) | Reference | 07/12/2017 | 621.3 GRA'A | CEME-4454 | 06/28/2021 | 06/28/2021 | Book |
